We Didn't Start the Fire Cast Avengers Endgame - Statistics

General Stats
  • This quiz has been taken 116 times
  • The average score is 146 of 224
Answer Stats
Lyrics % Correct
I
93%
"I
93%
a
91%
Star-
89%
Iron
87%
Captain
85%
Man,
85%
Man
85%
Black
84%
we
84%
We
84%
didn't
82%
the
82%
fire
80%
fire.
80%
start
80%
Thor,
80%
to
80%
It
78%
it,
78%
it
78%
was
78%
am
76%
Loki
76%
Widow,
76%
Spider-
75%
Bucky,
73%
Bucky
73%
Tony
73%
Fury
73%
Hawkeye,
73%
in
73%
Nick
73%
World
73%
and
71%
Avenger,
71%
burn
71%
burnin'
71%
Stark,
71%
go,
71%
Lord,
71%
Marvel,
71%
Rogers,
71%
War,
71%
War
71%
always
69%
Banner,
69%
Bruce
69%
Gamora,
69%
Groot"
69%
Infinity:
69%
Infinity
69%
Panther
69%
you
69%
plan
67%
Rocket,
67%
since
67%
turnin'
67%
has
65%
of
65%
Peggy,
65%
Thanos
65%
been
64%
Drax,
64%
Falcon
64%
fight
64%
Mantis,
64%
Pepper
64%
Stones
64%
but
62%
But
62%
Hill,
62%
love
62%
Mind,
62%
Nebula,
62%
Scarlet
62%
S.H.I.E.L.D
62%
Time,
62%
Witch,
62%
world's
62%
Ant-
60%
assemble!
60%
Barnes
60%
Coulson
60%
light
60%
Machine,
60%
Maria
60%
Potts,
60%
Reality
60%
Soul,
60%
Space,
60%
Wakanda,
60%
Agents
58%
First
58%
is
58%
Power,
58%
Doctor
56%
for
56%
here
56%
his
56%
Red
56%
Strange,
56%
Ultron
56%
Asgard
55%
Barton,
55%
brother
55%
can't
55%
Clint
55%
Core
55%
Hydra,
55%
II;
55%
No,
55%
on,
55%
on...
55%
Skull,
55%
they're
55%
Vision,
55%
anymore!
53%
Civil
53%
everyone
53%
Reactor
53%
*ROAR*
53%
Russian
53%
spy
53%
take
53%
Wasp
53%
again
51%
back
51%
Big
51%
Okoye,
51%
radiation,
51%
Shuri,
51%
transformation,
51%
we're
51%
Ancient
49%
Arc
49%
when
49%
Arnim
47%
Sokovia
47%
Goose
45%
tryin'
45%
Zola,
45%
Battle
44%
Cat,
44%
flying
44%
Killmonger
44%
Shock,
44%
too,
44%
Blonsky,
42%
Humanity,
42%
Laufey
42%
Whiplash,
42%
are
40%
Obadiah,
40%
spin,
40%
faster
38%
will
38%
Ragnarok,
36%
still
36%
Henry,
35%
higher,
35%
Janet,
35%
further,
33%
gone
29%
No matching quizzes found
Score Distribution
Percent of People with Each Score
Percentile by Number Answered
Your Score History
You have not taken this quiz